| 000 | 00427nam a2200121Ia 4500 | ||
|---|---|---|---|
| 008 | 220615s9999||||xx |||||||||||||| ||und|| | ||
| 245 | 0 | _aSolutions and Applications of Scattering, Propagation, Radiation and Emission of Electromagnetic Waves | |
| 546 | _aEnglish[eng] | ||
| 650 | _aApplied optics | ||
| 700 | _aKishk, Ahmed | ||
| 856 | _uhttps://mts.intechopen.com/storage/books/3068/authors_book/authors_book.pdf | ||
| 942 | _cEB | ||
| 999 |
_c17150 _d17150 |
||